|
|
|
|
| LEADER |
02114nam a2200409 a 4500 |
| 001 |
EBC752656 |
| 003 |
MiAaPQ |
| 005 |
20200520144314.0 |
| 006 |
m o d | |
| 007 |
cr cn||||||||| |
| 008 |
101104s2011 nyua sb 001 0 eng d |
| 010 |
|
|
|z 2010046673
|
| 020 |
|
|
|z 0814417094
|
| 020 |
|
|
|z 9780814417096
|
| 020 |
|
|
|a 9780814417102 (electronic bk.)
|
| 035 |
|
|
|a (MiAaPQ)EBC752656
|
| 035 |
|
|
|a (Au-PeEL)EBL752656
|
| 035 |
|
|
|a (CaPaEBR)ebr10493995
|
| 035 |
|
|
|a (CaONFJC)MIL324686
|
| 035 |
|
|
|a (OCoLC)747410573
|
| 040 |
|
|
|a MiAaPQ
|c MiAaPQ
|d MiAaPQ
|
| 050 |
|
4 |
|a HD58.8
|b .N54 2011
|
| 082 |
0 |
4 |
|a 658.4/06
|2 22
|
| 100 |
1 |
|
|a Nightingale, Deborah J.
|
| 245 |
1 |
0 |
|a Beyond the lean revolution
|h [electronic resource] :
|b achieving successful and sustainable enterprise transformation /
|c Deborah J. Nightingale and Jayakanth Srinivasan.
|
| 260 |
|
|
|a New York, N.Y. :
|b American Management Association,
|c c2011.
|
| 300 |
|
|
|a xvi, 270 p. :
|b ill.
|
| 504 |
|
|
|a Includes bibliographical references and index.
|
| 505 |
0 |
|
|a Why enterprise transformation? -- The seven principles of enterprise transformation -- A roadmap to successful enterprise transformation -- Transformation leadership -- The stakeholder lens -- The process architecture lens -- The performance measurement lens -- The integrative lenses -- Preparing to transform -- Transformation planning -- Executing the transformation plan -- Enterprise transformation from inception to implementation -- Background on the enterprise -- Appendix a. lean enterprise self-assessment tool : case studies -- Appendix b. a brief comparison of other approaches to process analysis.
|
| 533 |
|
|
|a Electronic reproduction. Ann Arbor, MI : ProQuest, 2015. Available via World Wide Web. Access may be limited to ProQuest affiliated libraries.
|
| 650 |
|
0 |
|a Organizational change.
|
| 650 |
|
0 |
|a Leadership.
|
| 650 |
|
0 |
|a Strategic planning.
|
| 655 |
|
4 |
|a Electronic books.
|
| 700 |
1 |
|
|a Srinivasan, Jayakanth.
|
| 710 |
2 |
|
|a ProQuest (Firm)
|
| 856 |
4 |
0 |
|u https://ebookcentral.proquest.com/lib/matrademy/detail.action?docID=752656
|z Click to View
|